| 000 | 00527 a2200217 4500 | ||
|---|---|---|---|
| 005 | 20260317090459.0 | ||
| 008 | 260316b |||||||| |||| 00| 0 eng d | ||
| 020 |
_a9788195237289 _cRs. 1495.00 |
||
| 040 | _aMAIN | ||
| 082 |
_a575.1 _bR186F |
||
| 100 | _aRastogi, Veer Bala | ||
| 245 | _aFundamentals of genetics | ||
| 250 | _a | ||
| 260 |
_bMedTech Science Press _c2022 _aNew Delhi |
||
| 300 | _axxx, 766 | ||
| 650 | _aGenetics | ||
| 650 | _aGene | ||
| 650 | _aGenome | ||
| 700 | _aRastogi, Nirvika | ||
| 942 | _cBK | ||
| 999 |
_c396055 _d396055 |
||